000 00428nam a2200169Ia 4500
005 20240808050744.0
008 240331s9999 xx 000 0 und d
020 _a0631195955
082 _a400.242
_bLAN
245 0 _aLanguage and gender :
_bA reader
260 _aUK
_bBlackwell publishers Ltd
_c1998
300 _axxi, 513 p .,
650 _aLanguage
650 _aGender
700 _aCoates, Jennifer,
_eedt
942 _cL
999 _c2997
_d2997